000 01016nam a22002537a 4500
005 20240530110924.0
008 220214s2003 ua g 000 0 ara d
017 _bمصر. دار الكتب
040 _aEG-CaGPL
_cEG-CaGPL
082 0 4 _221
_a909 /
_bا ذ
100 0 _aيان اسمن
245 _aالذاكرة الحضارية :
_bالكتابة والذكرى والهوية السياسية فى الحضارات الكبرى الاولى /
_cيان اسمن ؛ مترجم عبدالحليم عبدالغنى رجب
250 _aط. 1
260 _aالقاهرة :
_bالمجلس الاعلى للثقافة،
_c2003
300 _a552 ص. ؛
_c24 سم
490 _aالمشروع القومى للترجمة
_v( 482 )
650 0 7 _2qrmak
_a الحضارات
650 0 7 _2qrmak
_aالهوية الحضارية
650 0 7 _2qrmak
651 _2qrmak
700 _aعبدالحليم عبدالغنى رجب
_eمترجم
942 _2ddc
_cBK
999 _c66539
_d66539